Population Control & the Law (Record no. 19971)

MARC details
000 -LEADER
fixed length control field 00331nam a22001337a 4500
008 - FIXED-LENGTH DATA ELEMENTS--GENERAL INFORMATION
fixed length control field 230503b |||||||| |||| 00| 0 eng d
020 ## - INTERNATIONAL STANDARD BOOK NUMBER
ISBN 8171-00-1475
100 ## - MAIN ENTRY--AUTHOR NAME
Personal name B. P. S. Sehgal
245 ## - TITLE STATEMENT
Title Population Control & the Law
260 ## - PUBLICATION, DISTRIBUTION, ETC. (IMPRINT)
Place of publication New Delhi
Name of publisher Deep & Deep Pub
Year of publication 1989
300 ## - PHYSICAL DESCRIPTION
Number of Pages 264
546 ## - LANGUAGE NOTE
Language note English
942 ## - ADDED ENTRY ELEMENTS (KOHA)
Source of classification or shelving scheme Dewey Decimal Classification
Koha item type Books
Holdings
Accession Number Cost, normal purchase price Source of acquisition Price effective from Koha item type Withdrawn / writtenoff status Damaged status Not for loan Permanent Location Current Location Shelving location Date acquired Lost/ Missing status department
LLB 468 120.00 Donated By Mr. Karan Pandoh Assistant Prof. MIET SOL 05/03/2023 Books       MIET Library, Jammu MIET Library, Jammu 182/3 04/24/2023   BBA LLB